000 00954nam a22003017a 4500
003 CHAP
005 20220329134936.0
008 971013s1979 r 10010 d
010 _a28456
011 _a29428
035 _a33539
040 _cCHAP
090 _aFolleto 6084
111 0 0 _aConsultation Meeting on the Agricultural Machinary Industry (
_n1
_d: 1979
_c: Stresa, Italy)
_927414
245 _aReport
260 _a(Austria) :
_bUNIDO,
_c1979
300 _a38 p.
590 _aBATCH-UPD
_b10
_c20130109
_lUCH01
_h2312
590 _aBATCH-UPD
_b10
_c20130110
_lUCH01
_h2112
590 _aBATCH-UPD
_b10
_c20130410
_lUCH01
_h1422
590 _aBATCH-UPD
_b10
_c20130914
_lUCH01
_h1037
590 _aCONVERSION
_b10
_c20130109
_lUCH01
_h1316
650 1 4 _aMaquinaria agrícola.
_971151
901 _aBK
942 _cFOLL
949 _aFolleto 6084
_bBC
_cFOLL
_d-78080
_eTS1
_i33539
_mD
_si
949 _aFolleto 6084
_bBC
_cFOLL
_d-78081
_eTS2
_fc.2
_i33539
_si
999 _c28456
_d28456